[Event "FIDE WY-U16 Olympiad 2022"]
[Site "Nakhchivan"]
[Date "2022.10.07"]
[Round "6.13"]
[White "Anand, Batsukh"]
[Black "Pranav Vijay"]
[Result "0-1"]
[WhiteElo "2202"]
[BlackElo "2265"]
[Annotator "TA"]
[PlyCount "134"]
[EventDate "2022.10.02"]
[EventType "team-tourn"]
[EventCountry "AZE"]
[SourceTitle "playchess.com"]
[Source "ChessBase"]
[SourceQuality "1"]
[WhiteTeam "Mongolia"]
[BlackTeam "India"]
[WhiteTeamCountry "MGL"]
[BlackTeamCountry "IND"]

1. d4 Nf6 2. c4 e6 3. Nf3 Bb4+ 4. Bd2 Qe7 5. g3 Nc6 6. Nc3 O-O 7. Bg2 d6 8. d5 Nd8 9. O-O Bxc3 10. Bxc3 Ne4 11. Rc1 e5 12. Qc2 f5 13. c5 Nf7 14. cxd6 cxd6 15. Nd2 Nf6 16. Qb3 b6 17. a4 f4 18. Bb4 Bg4 19. Rc6 fxg3 20. hxg3 Bxe2 21. Re1 Ba6 22. f4 Rad8 23. Bh3 Kh8 24. Nf3 e4 25. Nd4 Bb7 26. Bc3 Rde8 27. Nf5 Qd8 28. Bxf6 Qxf6 29. Rc7 Ba8 30. Ne3 Ng5 31. Kg2 Nxh3 32. Kxh3 Qg6 33. Qd1 Rf7 34. Rxf7 Qxf7 35. Kg2 Qf6 36. Qd2 Bb7 37. Rc1 Qf7 38. Qd4 Bc8 39. Rh1 Kg8 40. Rh4 h5 41. Qd1 g6 42. Qd4 g5 43. fxg5 Qf3+ 44. Kg1 Qxg3+ 45. Ng2 Qxg5 46. Qe3 Re5 47. Kh2 Qxe3 48. Nxe3 Bb7 49. Nc4 Rxd5 50. Rxe4 Kf7 51. Rf4+ Kg6 52. Rf8 Rd4 53. b3 Be4 54. Rd8 d5 55. Ne5+ Kf5 56. Nc6 Rd2+ 57. Kg3 h4+ 58. Kh3 Kf4 59. Ne7 Rd1 60. Rf8+ Kg5 61. Rg8+ Kf6 62. Kxh4 Kxe7 63. Rg7+ Kf6 64. Rxa7 Rg1 65. Rb7 Ke5 66. Kh3 d4 67. Rxb6 d3 0-1

[Event "FIDE WY-U16 Olympiad 2022"]
[Site "Nakhchivan"]
[Date "2022.10.07"]
[Round "6.13"]
[White "Seyid, Huseyn"]
[Black "Jannatul, Ferdousi"]
[Result "1-0"]
[WhiteElo "2125"]
[BlackElo "1624"]
[Annotator "TA"]
[PlyCount "101"]
[EventDate "2022.10.02"]
[EventType "team-tourn"]
[EventCountry "AZE"]
[SourceTitle "playchess.com"]
[Source "ChessBase"]
[SourceQuality "1"]
[WhiteTeam "Azerbaijan"]
[BlackTeam "Bangladesh"]
[WhiteTeamCountry "AZE"]
[BlackTeamCountry "BAN"]

1. c4 e5 2. Nc3 Nf6 3. g3 c6 4. Bg2 d5 5. cxd5 cxd5 6. d3 Nc6 7. Nf3 Be7 8. O-O O-O 9. Bd2 d4 10. Nb1 Bf5 11. Na3 Bxa3 12. bxa3 Qd7 13. Qb3 Rac8 14. Rfc1 Rfe8 15. Be1 b6 16. Qb5 Nb8 17. Qb2 Qe6 18. a4 Nbd7 19. Ng5 Qe7 20. a5 h6 21. Nf3 Qe6 22. Rab1 Bh3 23. Bh1 Nd5 24. Qa3 Qe7 25. Qb2 f6 26. Nxd4 exd4 27. Bxd5+ Kh8 28. Rxc8 Rxc8 29. axb6 Nxb6 30. Bf3 Qc5 31. Bg2 Bxg2 32. Kxg2 Qc2 33. Kf1 Qxb2 34. Rxb2 Rc1 35. Rb4 Rc2 36. a4 Ra2 37. Rxd4 Rxa4 38. Rxa4 Nxa4 39. d4 Kg8 40. e4 Kf7 41. Ke2 g6 42. Kd3 Nb2+ 43. Kc3 Na4+ 44. Kb3 Nb6 45. Kb4 f5 46. f3 fxe4 47. fxe4 Ke6 48. Bd2 h5 49. Bf4 Kf6 50. h4 Ke6 51. Kc5 1-0

[Event "FIDE WY-U16 Olympiad 2022"]
[Site "Nakhchivan"]
[Date "2022.10.07"]
[Round "6.14"]
[White "Pranesh M"]
[Black "Tenuunbold, Battulga"]
[Result "1-0"]
[WhiteElo "2442"]
[BlackElo "2128"]
[Annotator "TA"]
[PlyCount "93"]
[EventDate "2022.10.02"]
[EventType "team-tourn"]
[EventCountry "AZE"]
[SourceTitle "playchess.com"]
[Source "ChessBase"]
[SourceQuality "1"]
[WhiteTeam "India"]
[BlackTeam "Mongolia"]
[WhiteTeamCountry "IND"]
[BlackTeamCountry "MGL"]

1. e4 c5 2. Nf3 Nc6 3. d4 cxd4 4. Nxd4 Nf6 5. Nc3 e5 6. Ndb5 d6 7. Nd5 Nxd5 8. exd5 Nb8 9. c4 Be7 10. Bd3 O-O 11. O-O a6 12. Nc3 f5 13. f3 Bg5 14. Qc2 Qf6 15. Kh1 Nd7 16. b4 Bxc1 17. Raxc1 Qg5 18. a3 e4 19. fxe4 f4 20. Ne2 Ne5 21. Qd2 Bg4 22. Nd4 Qh4 23. Be2 Bd7 24. c5 Rae8 25. c6 bxc6 26. dxc6 Bc8 27. c7 Ng4 28. Bxg4 Qxg4 29. Nf5 Bxf5 30. Rxf4 Qg5 31. exf5 Qe7 32. Qd5+ Kh8 33. h3 Rc8 34. Rfc4 h6 35. Rc6 Qg5 36. Qxd6 Rxf5 37. R6c5 Qe3 38. Qxa6 Rff8 39. R5c2 Kh7 40. Rc3 Qe5 41. Qd3+ Kh8 42. b5 Rf2 43. b6 Qg5 44. Qg3 Qxg3 45. Rxg3 Rb2 46. Rd3 Rxb6 47. Rd8+ 1-0

[Event "FIDE WY-U16 Olympiad 2022"]
[Site "Nakhchivan"]
[Date "2022.10.07"]
[Round "6.14"]
[White "Manon, Reja Neer"]
[Black "Hasanli, Rza"]
[Result "1-0"]
[WhiteElo "2107"]
[BlackElo "1566"]
[Annotator "TA"]
[PlyCount "87"]
[EventDate "2022.10.02"]
[EventType "team-tourn"]
[EventCountry "AZE"]
[SourceTitle "playchess.com"]
[Source "ChessBase"]
[SourceQuality "1"]
[WhiteTeam "Bangladesh"]
[BlackTeam "Azerbaijan"]
[WhiteTeamCountry "BAN"]
[BlackTeamCountry "AZE"]

1. e4 e5 2. Nf3 Nc6 3. d4 exd4 4. Nxd4 Nf6 5. Nxc6 bxc6 6. e5 Qe7 7. Qe2 Nd5 8. c4 Ba6 9. b3 g6 10. f4 Bg7 11. Qf2 Nb6 12. Ba3 Qe6 13. Nd2 d6 14. O-O-O O-O 15. Ne4 Rfd8 16. Bb2 dxe5 17. Re1 Nd7 18. fxe5 Bxe5 19. Nc5 Bxb2+ 20. Kxb2 Qd6 21. Nxa6 c5 22. Nxc7 Qxc7 23. Re7 Rf8 24. Qe3 Qc6 25. Be2 Qxg2 26. Qf3 Qxf3 27. Bxf3 Rad8 28. Rd1 Nf6 29. Rxa7 Rxd1 30. Bxd1 Ne4 31. Re7 f5 32. Bf3 Nf6 33. a4 Rd8 34. a5 Rd6 35. Bb7 Kf8 36. Re2 Nd7 37. a6 Nb6 38. a7 Rd8 39. Kc3 f4 40. Rd2 Re8 41. Rd6 Na8 42. Rd7 h6 43. Bxa8 Re3+ 44. Kd2 1-0

[Event "FIDE WY-U16 Olympiad 2022"]
[Site "Nakhchivan"]
[Date "2022.10.07"]
[Round "6.15"]
[White "Amilal Munkhdalai"]
[Black "Mrittika, Mallick"]
[Result "0-1"]
[WhiteElo "2200"]
[BlackElo "1879"]
[Annotator "TA"]
[PlyCount "112"]
[EventDate "2022.10.02"]
[EventType "team-tourn"]
[EventCountry "AZE"]
[SourceTitle "playchess.com"]
[Source "ChessBase"]
[SourceQuality "1"]
[WhiteTeam "Mongolia"]
[WhiteTeamCountry "MGL"]

1. e4 c5 2. Nf3 d6 3. d4 cxd4 4. Qxd4 e5 5. Bb5+ Nd7 6. Qd3 a6 7. Bc4 Nc5 8. Qe2 h6 9. Nc3 Nf6 10. O-O Be7 11. Rd1 Qc7 12. Nd5 Nxd5 13. Bxd5 O-O 14. Be3 Nd7 15. Nd2 Nf6 16. c4 Nxd5 17. exd5 f5 18. f4 exf4 19. Bxf4 Bf6 20. Nb3 Qb6+ 21. Kh1 Bd7 22. Rac1 Rae8 23. Qf3 Ba4 24. Qg3 Bxb3 25. Qxb3 Qxb3 26. axb3 Be5 27. Bxe5 Rxe5 28. Rd2 Re3 29. b4 Rc8 30. Rdc2 Rb3 31. c5 Rxb4 32. cxd6 Rxc2 33. Rxc2 Rd4 34. Rc8+ Kh7 35. h3 Rxd5 36. Rb8 b5 37. Rb6 a5 38. d7 b4 39. Rb5 Rxd7 40. Rxa5 Kg6 41. Rb5 Rd4 42. Kh2 Kf6 43. Rb6+ Ke5 44. Rg6 Rd2 45. Rxg7 Rxb2 46. Rh7 f4 47. Re7+ Kf6 48. Re8 b3 49. h4 Rc2 50. Rb8 b2 51. Kh3 Kf5 52. h5 Ke4 53. Rb4+ Ke3 54. Rb3+ Kd2 55. Kg4 Kc1 56. Kxf4 Rxg2 0-1

[Event "FIDE WY-U16 Olympiad 2022"]
[Site "Nakhchivan"]
[Date "2022.10.07"]
[Round "6.15"]
[White "Abbasov, Sadig"]
[Black "Sakline Mostafa, Sajid"]
[Result "0-1"]
[WhiteElo "1578"]
[BlackElo "2001"]
[Annotator "TA"]
[PlyCount "128"]
[EventDate "2022.10.02"]
[EventType "team-tourn"]
[EventCountry "AZE"]
[SourceTitle "playchess.com"]
[Source "ChessBase"]
[SourceQuality "1"]
[WhiteTeam "Azerbaijan"]
[BlackTeam "Bangladesh"]
[WhiteTeamCountry "AZE"]
[BlackTeamCountry "BAN"]

1. d4 Nf6 2. Bg5 d5 3. c4 e6 4. Nf3 Be7 5. Nc3 a6 6. e3 dxc4 7. Bxc4 b5 8. Bd3 Bb7 9. a3 c5 10. dxc5 Bxc5 11. b4 Be7 12. Rc1 Nbd7 13. O-O O-O 14. Qe2 Rc8 15. Rfd1 h6 16. Bh4 Bxf3 17. Qxf3 Ne5 18. Qe2 Nxd3 19. Rxd3 Qb6 20. Rcd1 Rc4 21. Bg3 Rfc8 22. Be5 Qc6 23. h3 Ne4 24. Nxe4 Qxe4 25. Bg3 Rc2 26. Qh5 Bf8 27. Rd7 g6 28. Qe5 Qxe5 29. Bxe5 Bg7 30. Rd8+ Kh7 31. Bxg7 Kxg7 32. Rxc8 Rxc8 33. Rd6 Ra8 34. e4 e5 35. g3 Kf8 36. f4 exf4 37. gxf4 Re8 38. e5 Re6 39. Rxe6 fxe6 40. Kf2 g5 41. Kf3 Kg7 42. fxg5 hxg5 43. Kg3 Kh6 44. Kf3 Kg7 45. Kg3 Kh7 46. Kf3 Kh6 47. Ke3 Kh5 48. Kd4 Kh4 49. Kc5 Kxh3 50. Kd6 g4 51. Kxe6 g3 52. Kd7 g2 53. e6 g1=Q 54. e7 Qd4+ 55. Kc6 Qe4+ 56. Kd6 Kg4 57. Kd7 Qd5+ 58. Kc7 Qe6 59. Kd8 Qd6+ 60. Ke8 Kf5 61. Kf7 Qg6+ 62. Kf8 Qf6+ 63. Ke8 Ke6 64. Kd8 Qxe7+ 0-1

[Event "FIDE WY-U16 Olympiad 2022"]
[Site "Nakhchivan"]
[Date "2022.10.07"]
[Round "6.16"]
[White "Rohit S"]
[Black "Khuslen, Erdenebayar"]
[Result "0-1"]
[WhiteElo "2181"]
[BlackElo "1590"]
[Annotator "TA"]
[PlyCount "122"]
[EventDate "2022.10.02"]
[EventType "team-tourn"]
[EventCountry "AZE"]
[SourceTitle "playchess.com"]
[Source "ChessBase"]
[SourceQuality "1"]
[WhiteTeam "India"]
[BlackTeam "Mongolia"]
[WhiteTeamCountry "IND"]
[BlackTeamCountry "MGL"]

1. e4 c5 2. Nf3 e6 3. d4 cxd4 4. Nxd4 Nc6 5. Nc3 a6 6. Be3 Nf6 7. f4 Bb4 8. Bd3 Qb6 9. O-O Nxd4 10. Na4 Qc6 11. c3 Nxe4 12. Bxd4 Ba5 13. b4 Bc7 14. Nc5 Nxc5 15. bxc5 Bd8 16. Bc2 Bf6 17. Bxf6 gxf6 18. Qd4 Ke7 19. Rfd1 Rb8 20. Rab1 b5 21. cxb6 Bb7 22. Be4 d5 23. Bd3 Rbc8 24. Rb3 Qc5 25. Kf1 h6 26. Re1 Rc6 27. Re3 Kd6 28. Rg3 e5 29. fxe5+ fxe5 30. Qh4 Kd7 31. Qg4+ Kd8 32. Rf3 Qe7 33. Qf5 e4 34. Rf2 exd3 35. Rb1 d2 36. Qf4 Re8 37. Qxd2 Rf6 38. Rd1 Rxf2+ 39. Qxf2 Qe4 40. c4 Qe3 41. cxd5 Qxf2+ 42. Kxf2 Re5 43. Rc1 Rxd5 44. a4 Ke7 45. a5 Rd7 46. g4 Kd6 47. Kg3 Ke5 48. Kh4 Rd3 49. g5 hxg5+ 50. Kxg5 f6+ 51. Kg4 Bf3+ 52. Kh4 Kf4 53. b7 Rb3 54. h3 Rxb7 55. Rc7 Rb5 56. Rc4+ Be4 57. Rc6 Rh5+ 58. Kxh5 Bxc6 59. Kg6 f5 60. h4 Bf3 61. Kf6 Bh5 0-1

[Event "FIDE WY-U16 Olympiad 2022"]
[Site "Nakhchivan"]
[Date "2022.10.07"]
[Round "6.16"]
[White "Sajidul, Haque"]
[Black "Abbasova, Zarifa"]
[Result "1-0"]
[WhiteElo "2010"]
[BlackElo "1480"]
[Annotator "TA"]
[PlyCount "71"]
[EventDate "2022.10.02"]
[EventType "team-tourn"]
[EventCountry "AZE"]
[SourceTitle "playchess.com"]
[Source "ChessBase"]
[SourceQuality "1"]
[WhiteTeam "Bangladesh"]
[BlackTeam "Azerbaijan"]
[WhiteTeamCountry "BAN"]
[BlackTeamCountry "AZE"]

1. e4 d5 2. exd5 Nf6 3. d4 Nxd5 4. c4 Nb6 5. Nc3 c6 6. Be3 Bf5 7. Qb3 N8d7 8. a4 a5 9. Nf3 e6 10. c5 Nd5 11. Nxd5 cxd5 12. Qxb7 Rb8 13. Qa7 Ra8 14. Qb7 Rb8 15. Qc6 Be7 16. Ne5 Bf6 17. Nxd7 Qxd7 18. Qxd7+ Kxd7 19. Bb5+ Kc8 20. Bf4 Ra8 21. Rd1 g5 22. Bd6 Bd8 23. c6 Bc7 24. Bxc7 Kxc7 25. Kd2 g4 26. Kc3 Be4 27. Rhg1 f6 28. b4 axb4+ 29. Kxb4 e5 30. dxe5 fxe5 31. f3 gxf3 32. gxf3 Bxf3 33. Rg7+ Kd6 34. Rd7+ Ke6 35. Rg1 e4 36. Rgg7 1-0

[Event "FIDE WY-U16 Olympiad 2022"]
[Site "Nakhchivan"]
[Date "2022.10.07"]
[Round "6.17"]
[White "Davudov, Tunar"]
[Black "Samadov, Read"]
[Result "1/2-1/2"]
[WhiteElo "2043"]
[BlackElo "2455"]
[Annotator "TA"]
[PlyCount "130"]
[EventDate "2022.10.02"]
[EventType "team-tourn"]
[EventCountry "AZE"]
[SourceTitle "playchess.com"]
[Source "ChessBase"]
[SourceQuality "1"]
[WhiteTeam "Azerbaijan"]
[BlackTeam "Azerbaijan"]
[WhiteTeamCountry "AZE"]
[BlackTeamCountry "AZE"]

1. e4 c5 2. Nf3 d6 3. d4 cxd4 4. Nxd4 Nf6 5. Nc3 a6 6. Bg5 Nbd7 7. f4 Qc7 8. Qf3 b5 9. O-O-O Bb7 10. Bxf6 Nxf6 11. g4 e6 12. g5 b4 13. Ncb5 axb5 14. gxf6 gxf6 15. Bxb5+ Ke7 16. Kb1 Bh6 17. Rhf1 Rhc8 18. Qd3 Bg7 19. e5 Kf8 20. Qxh7 dxe5 21. Nxe6+ fxe6 22. Rd7 Qxc2+ 23. Qxc2 Rxc2 24. Kxc2 Be4+ 25. Kb3 exf4 26. Rxf4 Bb1 27. Bc4 f5 28. Kxb4 Bxa2 29. Bxa2 Rxa2 30. b3 Rxh2 31. Rc4 Kg8 32. Rc8+ Kh7 33. Rcc7 Rg2 34. Kc4 f4 35. Rf7 Kg8 36. b4 f3 37. b5 f2 38. Kd3 Be5 39. Ra7 Bg3 40. Rg7+ Kf8 41. Raf7+ Ke8 42. b6 Rg1 43. b7 Rb1 44. Kc2 Rxb7 45. Rxb7 f1=Q 46. Rg8+ Qf8 47. Rxf8+ Kxf8 48. Kd3 Bd6 49. Ke4 Ke8 50. Kf3 Kd8 51. Rh7 Kc8 52. Kg4 Kd8 53. Kh5 Be7 54. Kg6 Kd7 55. Kf7 e5 56. Rh1 Bc5 57. Re1 Bd4 58. Re4 Kd6 59. Kf6 Kd5 60. Kf5 Kd6 61. Rh4 Kd5 62. Rh8 Kc5 63. Ke4 Kd6 64. Rh6+ Kc5 65. Rg6 Bc3 1/2-1/2

[Event "FIDE WY-U16 Olympiad 2022"]
[Site "Nakhchivan"]
[Date "2022.10.07"]
[Round "6.17"]
[White "Baghirov, Orkhan"]
[Black "Springis, Jevgenijs"]
[Result "0-1"]
[WhiteElo "1571"]
[BlackElo "2057"]
[Annotator "TA"]
[PlyCount "72"]
[EventDate "2022.10.02"]
[EventType "team-tourn"]
[EventCountry "AZE"]
[SourceTitle "playchess.com"]
[Source "ChessBase"]
[SourceQuality "1"]
[WhiteTeam "Azerbaijan"]
[BlackTeam "Latvia"]
[WhiteTeamCountry "AZE"]
[BlackTeamCountry "LAT"]

1. d4 Nf6 2. c4 g6 3. g3 Bg7 4. Bg2 O-O 5. Nc3 d6 6. Nf3 Nbd7 7. O-O Re8 8. h3 e5 9. e4 exd4 10. Nxd4 Nc5 11. Re1 a5 12. b3 Bd7 13. Rb1 Ne6 14. Be3 c6 15. Qd2 Nc5 16. f3 Qc7 17. Bf2 h5 18. Rbd1 Rad8 19. Nc2 Bc8 20. f4 b6 21. Nd4 Bb7 22. Qc2 Qb8 23. a3 d5 24. exd5 Rxe1+ 25. Bxe1 cxd5 26. cxd5 Nxd5 27. Nxd5 Bxd5 28. Bxd5 Rxd5 29. Nc6 Rxd1 30. Nxb8 Rxe1+ 31. Kf2 Rc1 32. Qe2 Bd4+ 33. Kg2 Rg1+ 34. Kh2 Rb1 35. Qc4 Rb2+ 36. Kh1 Ne4 0-1

[Event "FIDE WY-U16 Olympiad 2022"]
[Site "Nakhchivan"]
[Date "2022.10.07"]
[Round "6.18"]
[White "Talibov, Shiroghlan"]
[Black "Israilov, Agil"]
[Result "1-0"]
[WhiteElo "2342"]
[BlackElo "1883"]
[Annotator "TA"]
[PlyCount "77"]
[EventDate "2022.10.02"]
[EventType "team-tourn"]
[EventCountry "AZE"]
[SourceTitle "playchess.com"]
[Source "ChessBase"]
[SourceQuality "1"]
[WhiteTeam "Azerbaijan"]
[BlackTeam "Azerbaijan"]
[WhiteTeamCountry "AZE"]
[BlackTeamCountry "AZE"]

1. e4 c5 2. Nf3 e6 3. d4 cxd4 4. Nxd4 a6 5. Bd3 Bc5 6. Nb3 Ba7 7. Qe2 Ne7 8. Nc3 O-O 9. O-O b5 10. e5 Ng6 11. Be3 Bb7 12. f4 d5 13. Bxa7 Rxa7 14. Qf2 Ra8 15. Ne2 Nd7 16. a4 bxa4 17. Rxa4 Qc7 18. h4 Ne7 19. Ned4 Nb6 20. Raa1 Nc4 21. c3 a5 22. Nb5 Qd7 23. N3d4 Bc6 24. Bxc4 dxc4 25. Nd6 Bd5 26. h5 f5 27. Rfd1 Rfb8 28. Rd2 a4 29. h6 g6 30. Qh4 Rf8 31. Kh2 Rab8 32. Rxa4 Nc8 33. Ra6 Nxd6 34. Rxd6 Qe8 35. Qg5 Ra8 36. Nc2 Rb8 37. Nb4 Be4 38. Rd7 Kh8 39. Re7 1-0

[Event "FIDE WY-U16 Olympiad 2022"]
[Site "Nakhchivan"]
[Date "2022.10.07"]
[Round "6.18"]
[White "Francs, Marats"]
[Black "Isfandiyarli, Kamal"]
[Result "0-1"]
[WhiteElo "1976"]
[BlackElo "1585"]
[Annotator "TA"]
[PlyCount "100"]
[EventDate "2022.10.02"]
[EventType "team-tourn"]
[EventCountry "AZE"]
[SourceTitle "playchess.com"]
[Source "ChessBase"]
[SourceQuality "1"]
[WhiteTeam "Latvia"]
[BlackTeam "Azerbaijan"]
[WhiteTeamCountry "LAT"]
[BlackTeamCountry "AZE"]

1. d4 Nf6 2. c4 e6 3. Nc3 d5 4. cxd5 exd5 5. Bg5 Be7 6. Qc2 O-O 7. e3 Nbd7 8. Bd3 c6 9. Nge2 Re8 10. O-O Nf8 11. Rae1 Bg4 12. f3 Bh5 13. Nf4 Bg6 14. Nxg6 Nxg6 15. Qf2 Qd7 16. f4 Nf8 17. h3 b5 18. a4 b4 19. Ne2 c5 20. Bxf6 c4 21. Bxe7 cxd3 22. Nc1 Rxe7 23. b3 Rc8 24. Nxd3 Rc3 25. Nc5 Qe8 26. e4 dxe4 27. Re3 Rxe3 28. Qxe3 Nd7 29. f5 Nf6 30. d5 Nxd5 31. Qd4 Nf6 32. Qxb4 e3 33. Re1 Re5 34. Nd3 Rxf5 35. Qd4 e2 36. Qxa7 Rd5 37. Nf2 h6 38. Qb6 Rd2 39. Qb4 Qe3 40. Kh2 Rd4 41. Qb8+ Kh7 42. Qg3 Qd2 43. Ng4 Ne4 44. Qh4 Qf4+ 45. g3 Qf1 46. Qh5 Qxe1 47. Qf5+ Kh8 48. Qc8+ Rd8 49. Qxd8+ Kh7 50. Qd3 Qxg3+ 0-1

[Event "FIDE WY-U16 Olympiad 2022"]
[Site "Nakhchivan"]
[Date "2022.10.07"]
[Round "6.19"]
[White "Rzayev, Murad"]
[Black "Savicevs, Arsenijs"]
[Result "1/2-1/2"]
[WhiteElo "1699"]
[BlackElo "1878"]
[Annotator "NA RC COMBH"]
[PlyCount "93"]
[EventDate "2022.10.02"]
[EventType "team-tourn"]
[EventCountry "AZE"]
[SourceTitle "playchess.com"]
[Source "ChessBase"]
[SourceQuality "1"]
[WhiteTeam "Azerbaijan"]
[WhiteTeamCountry "AZE"]

1. d4 Nf6 2. c4 e6 3. Nc3 Bb4 4. Qc2 c5 5. dxc5 O-O 6. Nf3 Na6 7. a3 Bxc3+ 8. Qxc3 Nxc5 9. e3 a5 10. b3 b6 11. Be2 Bb7 12. O-O d5 13. Rd1 Qe7 14. Bb2 Rac8 15. Rac1 dxc4 16. Bxc4 b5 17. Be2 Na4 18. Qe5 Nxb2 19. Qxb2 b4 20. axb4 axb4 21. Rxc8 Rxc8 22. Rc1 Rd8 23. Rd1 Nd5 24. Qd4 Rc8 25. Bc4 h6 26. h3 Ra8 27. Ra1 Ra3 28. Rd1 Ra2 29. e4 Nc3 30. Qd8+ Qxd8 31. Rxd8+ Kh7 32. Rd7 Bxe4 33. Rxf7 Bd5 34. Bd3+ Kg8 35. Ne5 Ra8 36. Rc7 Bxb3 37. Rb7 Na2 38. Be4 Ba4 39. Rxb4 Nxb4 40. Bxa8 Bb5 41. f3 Kf8 42. Kf2 Ke7 43. Be4 Na6 44. Bd3 Bxd3 45. Nxd3 Kd6 46. Ke3 Nc7 47. Ke4 1/2-1/2

[Event "FIDE WY-U16 Olympiad 2022"]
[Site "Nakhchivan"]
[Date "2022.10.07"]
[Round "6.19"]
[White "Alizada, Pasham"]
[Black "Suleymanli, Suleyman"]
[Result "1/2-1/2"]
[WhiteElo "1664"]
[BlackElo "2304"]
[Annotator "TA"]
[PlyCount "123"]
[EventDate "2022.10.02"]
[EventType "team-tourn"]
[EventCountry "AZE"]
[SourceTitle "playchess.com"]
[Source "ChessBase"]
[SourceQuality "1"]
[WhiteTeam "Azerbaijan"]
[BlackTeam "Azerbaijan"]
[WhiteTeamCountry "AZE"]
[BlackTeamCountry "AZE"]

1. e4 e6 2. d4 d5 3. Nd2 c5 4. exd5 exd5 5. Ngf3 Nc6 6. Bb5 Bd6 7. O-O Nge7 8. dxc5 Bxc5 9. Nb3 Bb6 10. Bf4 O-O 11. h3 Bf5 12. c3 Be4 13. Nfd4 Ng6 14. Bg3 Qf6 15. Bd3 Rad8 16. Nxc6 Qxc6 17. Kh2 f5 18. f3 Bxd3 19. Qxd3 Bc7 20. Nd4 Bxg3+ 21. Kxg3 Qd6+ 22. Kf2 Nf4 23. Qd2 Qh6 24. Rad1 Rde8 25. Kg3 Qg5+ 26. Kh2 Re2 27. Qxe2 Nxe2 28. Nxe2 f4 29. Nd4 Re8 30. Rf2 Re5 31. Kg1 Qe7 32. Kf1 Qc5 33. Re2 Rxe2 34. Nxe2 g5 35. Rd4 Qb5 36. Rb4 Qa6 37. a4 b6 38. Rd4 h6 39. Kf2 Kf7 40. Ke1 Ke6 41. Kf2 Qb7 42. Ke1 Qh7 43. b4 Qb1+ 44. Kf2 a6 45. b5 axb5 46. Rb4 Qd3 47. Rxb5 Kd7 48. Rb4 Qe3+ 49. Kf1 Kc6 50. Rd4 Kc5 51. Rb4 Qd3 52. Kf2 Qe3+ 53. Kf1 h5 54. Rd4 h4 55. Rb4 g4 56. hxg4 h3 57. gxh3 Qxf3+ 58. Ke1 Qh1+ 59. Kf2 Qh2+ 60. Kf3 Qxh3+ 61. Kxf4 Qh2+ 62. Kf3 1/2-1/2

[Event "FIDE WY-U16 Olympiad 2022"]
[Site "Nakhchivan"]
[Date "2022.10.07"]
[Round "6.20"]
[White "Abdinova, Narmin"]
[Black "Nasibova, Narmin"]
[Result "1-0"]
[WhiteElo "1810"]
[BlackElo "1504"]
[Annotator "NA RC COMBH"]
[PlyCount "71"]
[EventDate "2022.10.02"]
[EventType "team-tourn"]
[EventCountry "AZE"]
[SourceTitle "playchess.com"]
[Source "ChessBase"]
[SourceQuality "1"]
[WhiteTeam "Azerbaijan"]
[BlackTeam "Azerbaijan"]
[WhiteTeamCountry "AZE"]
[BlackTeamCountry "AZE"]

1. e4 e5 2. Nf3 Nc6 3. Bc4 Bc5 4. c3 Nf6 5. d3 d6 6. a4 a5 7. h3 h6 8. O-O O-O 9. Re1 Be6 10. Bb5 Nh5 11. d4 exd4 12. cxd4 Bb4 13. d5 Bxe1 14. Nxe1 Nf6 15. dxc6 Nxe4 16. cxb7 Rb8 17. Nf3 Nc5 18. Nd4 Qh4 19. Be3 Rxb7 20. Nc3 Bd7 21. Qf3 Rbb8 22. Nf5 Bxf5 23. Qxf5 Ne6 24. g3 Qb4 25. Bd3 g6 26. Qf6 c6 27. Bxg6 fxg6 28. Qxe6+ Rf7 29. Qxg6+ Rg7 30. Qe6+ Kh7 31. Qxh6+ Kg8 32. Qe6+ Rf7 33. Ne4 Qxb2 34. Rd1 Qc2 35. Qg6+ Kf8 36. Bh6+ 1-0

[Event "FIDE WY-U16 Olympiad 2022"]
[Site "Nakhchivan"]
[Date "2022.10.07"]
[Round "6.20"]
[White "Maklakova, Naomi"]
[Black "Imranli, Madina"]
[Result "1-0"]
[WhiteElo "1625"]
[BlackElo "1034"]
[Annotator "NA RC COMBH"]
[PlyCount "68"]
[EventDate "2022.10.02"]
[EventType "team-tourn"]
[EventCountry "AZE"]
[SourceTitle "playchess.com"]
[Source "ChessBase"]
[SourceQuality "1"]
[WhiteTeam "Latvia"]
[BlackTeam "Azerbaijan"]
[WhiteTeamCountry "LAT"]
[BlackTeamCountry "AZE"]

1. d4 Nf6 2. Nf3 e6 3. Bf4 c5 4. e3 d5 5. c3 Bd6 6. Bg3 Qc7 7. Bxd6 Qxd6 8. Ne5 O-O 9. Nd2 b6 10. Bd3 Bb7 11. Qb1 h6 12. O-O Nbd7 13. f4 Qc7 14. Rf3 Rfd8 15. Rg3 Rab8 16. Qd1 Qd6 17. Qf3 Rbc8 18. Rf1 c4 19. Bb1 b5 20. Rh3 Qf8 21. Qg3 h5 22. f5 Qd6 23. fxe6 Qxe6 24. Nxd7 Rxd7 25. Bf5 Qe7 26. Bxd7 Nxd7 27. Rxh5 Nf6 28. Rh4 Re8 29. e4 Bc8 30. e5 Nh7 31. Nf3 a6 32. Rxh7 Kxh7 33. Ng5+ Kg8 34. Qh4 Kf8 1-0

[Event "FIDE WY-U16 Olympiad 2022"]
[Site "Nakhchivan"]
[Date "2022.10.07"]
[Round "6.21"]
[White "Orozbaev, Eldiar"]
[Black "Galaviz Medina, Atlas Adomaitis"]
[Result "1-0"]
[WhiteElo "2344"]
[BlackElo "2131"]
[Annotator "TA"]
[PlyCount "79"]
[EventDate "2022.10.02"]
[EventType "team-tourn"]
[EventCountry "AZE"]
[SourceTitle "playchess.com"]
[Source "ChessBase"]
[SourceQuality "1"]
[WhiteTeam "Kyrgyzstan"]
[BlackTeam "Mexico"]
[WhiteTeamCountry "KGZ"]
[BlackTeamCountry "MEX"]

1. e4 c5 2. Nc3 Nc6 3. g3 g6 4. Bg2 Bg7 5. d3 e5 6. Be3 d6 7. Qd2 Be6 8. Nh3 h6 9. f4 Qd7 10. Nf2 Nge7 11. O-O b6 12. Nd5 f5 13. Nxe7 Kxe7 14. Rae1 Rae8 15. Nd1 d5 16. exf5 gxf5 17. fxe5 Nxe5 18. b4 c4 19. Bf4 Ng4 20. dxc4 d4 21. b5 Kf7 22. Bc6 Qc8 23. h3 Nf6 24. Qxd4 Rd8 25. Qe3 Bxc4 26. Qe7+ Kg6 27. Ne3 Bxf1 28. Kxf1 Rhe8 29. Qxa7 Re6 30. Qxb6 Nd7 31. Qc7 Ne5 32. Qxc8 Rxc8 33. Bxe5 Rxe5 34. Nd5 Rxe1+ 35. Kxe1 Kg5 36. Kf2 h5 37. h4+ Kg4 38. Ne3+ Kh3 39. Bg2+ Kh2 40. Nf1# 1-0

[Event "FIDE WY-U16 Olympiad 2022"]
[Site "Nakhchivan"]
[Date "2022.10.07"]
[Round "6.21"]
[White "Levitan, Judah Nathan"]
[Black "Chen, Max"]
[Result "0-1"]
[WhiteElo "1725"]
[BlackElo "2154"]
[Annotator "TA"]
[PlyCount "140"]
[EventDate "2022.10.02"]
[EventType "team-tourn"]
[EventCountry "AZE"]
[SourceTitle "playchess.com"]
[Source "ChessBase"]
[SourceQuality "1"]
[WhiteTeam "South Africa"]
[BlackTeam "Canada"]
[WhiteTeamCountry "RSA"]
[BlackTeamCountry "CAN"]

1. e4 c5 2. Nf3 d6 3. d4 cxd4 4. Nxd4 Nf6 5. Nc3 a6 6. Bc4 e6 7. Bb3 Nbd7 8. Be3 Nc5 9. f3 Be7 10. Qd2 Qc7 11. O-O-O b5 12. a3 e5 13. Nde2 Nxb3+ 14. cxb3 Be6 15. Qc2 Qb7 16. b4 d5 17. exd5 Bxd5 18. Nxd5 Nxd5 19. Bd2 O-O 20. Kb1 Rfd8 21. h4 Nb6 22. b3 Rac8 23. Qb2 Qd7 24. Nc3 Qe6 25. Be3 Rxd1+ 26. Rxd1 Bxh4 27. Bc5 Rd8 28. Rxd8+ Bxd8 29. Ne4 Qd5 30. Qc2 Nd7 31. Be3 Nf8 32. Nc5 Bb6 33. Kb2 h5 34. Qd2 Qxd2+ 35. Bxd2 Bxc5 36. bxc5 Ne6 37. b4 Kf8 38. Kc3 Ke7 39. Kd3 Nd8 40. Ke4 Ke6 41. g4 hxg4 42. fxg4 f6 43. Bc1 Nc6 44. Bb2 g6 45. Bc3 f5+ 46. gxf5+ gxf5+ 47. Kd3 Kd5 48. Ke3 Kc4 49. Be1 Kb3 50. Kf3 Kxa3 51. Kg3 a5 52. bxa5 b4 53. Kh4 b3 54. Bc3 b2 55. Bxb2+ Kxb2 56. Kg5 f4 57. Kg4 Kc3 58. Kf3 Kd3 59. a6 Kd4 60. Ke2 e4 61. a7 Nxa7 62. c6 Nxc6 63. Kd2 Nb4 64. Ke2 Nd3 65. Kd2 f3 66. Kd1 e3 67. Kc2 Nc5 68. Kd1 e2+ 69. Ke1 Nd3+ 70. Kd2 e1=Q+ 0-1